000 00412nam a2200145Ia 4500
003 GCL
008 140319s9999 xx 000 0 ara d
040 _aGCL /
_cGCL
082 0 4 _a273.2
_bص د
100 1 _aصموئيل حبيب
245 1 0 _aدراسة فى رسالة فيلبى /
_cصموئيل حبيب
260 _a[S.N] :
_bدار الثقافة العربية ،
_c1991
300 _a145 ص
490 _a
999 _c55666
_d55666